000 00435nam a2200157Ia 4500
008 230312s9999||||xx |||||||||||||| ||und||
020 _a81-297-0006-9
082 _a658.5
_bRUS-O
100 _aRussell,Roberta S.
245 0 _aOperations Management
260 _bPearson Education
_aIndia
_c2003
300 _a846
546 _aEng.
650 _aManagement
_vSTRATEGIC Importance of Operations, Designing Operating System
942 _cBK
999 _c432
_d432